| 000 | 00597nam a2200193Ia 4500 | ||
|---|---|---|---|
| 003 | IN-BaIIA | ||
| 008 | 211028s9999 xx 000 0 eng d | ||
| 020 | _a0-19-563579-5 | ||
| 040 | _cIIA Library | ||
| 080 |
_a(031):791.43(540) _bRAJ |
||
| 100 |
_aRajadhyaksha, Ashish _919639 |
||
| 245 | 0 |
_aEncyclopaedia of Indian cinema _cAshish Rajadhyaksha and Paul Willemen |
|
| 260 |
_aNew Delhi _bOxford University Press _c1995 |
||
| 300 | _a568p. | ||
| 650 |
_aCinema _919640 |
||
| 650 |
_aIndian Cinema _919641 |
||
| 700 |
_aWillemen, Paul _919642 |
||
| 942 | _cBK | ||
| 999 |
_c11407 _d11407 |
||